Biggest Cities in Egypt on a Map - Statistics

General Stats
  • This quiz has been taken 551 times
  • The average score is 5 of 10
Answers on the Map
Answers color-coded by a green-red scale on the quiz's map according to % correct below.
 
Answer Stats
Population Answer % Correct
9,293,612 Cairo
100%
5,107,530 Alexandria
99%
4,212,750 Giza
79%
740,874 Suez
79%
760,152 Port Said
75%
570,271 El Mansoura
26%
528,672 Tanta
25%
489,377 Fayoum
24%
543,271 Mahalla el-Kubra
18%
1,187,747 Shubra el-Kheima
15%
No matching quizzes found
Score Distribution
Percent of People with Each Score
Percentile by Number Answered
Your Score History
You have not taken this quiz